000 00408nam a2200133Ia 4500
008 151001s9999||||xx |||||||||||||| ||und||
100 _aशिवाजीराव बागल
245 _aगावशिवारातील माणस
250 _a1
260 _b"निखील प्रकाशन, कोल्हापूर"
260 _c२०१४
300 _a152
365 _b21
999 _c1002277
_d1002274